Finland : Financial System Stability Assessment Update.

The Finnish financial sector has weathered during the global crisis. Banks' capital buffers were sufficient, but liquidity and credit risks required monitoring. The study assessed that there is a need for strong crisis management framework. It is found that an evaluation of Deposit Guarantee Fu...

Ful tanımlama

Detaylı Bibliyografya
Müşterek Yazar: International Monetary Fund
Materyal Türü: Dergi
Dil:English
Baskı/Yayın Bilgisi: Washington, D.C. : International Monetary Fund, 2010.
Seri Bilgileri:IMF Staff Country Reports; Country Report ; No. 2010/275
Online Erişim:Full text available on IMF
LEADER 01737cas a2200241 a 4500
001 AALejournalIMF006704
008 230101c9999 xx r poo 0 0eng d
020 |c 5.00 USD 
020 |z 9781455207732 
022 |a 1934-7685 
040 |a BD-DhAAL  |c BD-DhAAL 
110 2 |a International Monetary Fund. 
245 1 0 |a Finland :   |b Financial System Stability Assessment Update. 
264 1 |a Washington, D.C. :  |b International Monetary Fund,  |c 2010. 
300 |a 1 online resource (30 pages) 
490 1 |a IMF Staff Country Reports 
500 |a <strong>Off-Campus Access:</strong> No User ID or Password Required 
500 |a <strong>On-Campus Access:</strong> No User ID or Password Required 
506 |a Electronic access restricted to authorized BRAC University faculty, staff and students 
520 3 |a The Finnish financial sector has weathered during the global crisis. Banks' capital buffers were sufficient, but liquidity and credit risks required monitoring. The study assessed that there is a need for strong crisis management framework. It is found that an evaluation of Deposit Guarantee Fund (DGF) using Core Principles for Effective Deposit Insurance Systems would support reform efforts. Banking supervision is robust, and follows relevant EU Directives and the Basel Core Principle (BCP) for Effective Banking Supervision closely. The Financial Supervisory Authority (FIN-FSA) has implemented the 2001 Financial Sector Assessment Program (FSAP) recommendations, but challenges remain. 
538 |a Mode of access: Internet 
830 0 |a IMF Staff Country Reports; Country Report ;  |v No. 2010/275 
856 4 0 |z Full text available on IMF  |u http://elibrary.imf.org/view/journals/002/2010/275/002.2010.issue-275-en.xml  |z IMF e-Library